| 000 | 00525cam a2200205ua 4500 | ||
|---|---|---|---|
| 001 | 9350 | ||
| 008 | 150804n ii |||gr||||Z||||||asm | ||
| 020 | _a8173394059 | ||
| 040 | _cMAIN | ||
| 041 | _aasm | ||
| 082 | _a394.26954162 | ||
| 245 | 1 | 3 |
_aAxamar bibhinna janagosthir lok-utsava _cby Dhruba Kumar Talukdar |
| 250 | _a1st ed. | ||
| 260 |
_aGuwahati: _bBanalata, _c2004. |
||
| 300 | _a118p. | ||
| 653 | _aGeneral customs | ||
| 653 | _aFestivals of tribes | ||
| 700 |
_aTalukdar, Dhruba Kumar, _eAuthor. |
||
| 942 | _cBK | ||
| 999 |
_c8410 _d8410 |
||